Proceedings of the southwest regional conference for astronomy and astrophysics held at Austin, Texas, May 23 1977; vol. (Record no. 8819)

MARC details
000 -LEADER
fixed length control field 00696nam a2200205Ia 4500
003 - CONTROL NUMBER IDENTIFIER
control field IN-BaIIA
008 - FIXED-LENGTH DATA ELEMENTS--GENERAL INFORMATION
fixed length control field 211028s9999 xx 000 0 eng d
020 ## - INTERNATIONAL STANDARD BOOK NUMBER
International Standard Book Number 0147-2003
040 ## - CATALOGING SOURCE
Transcribing agency IIA Library
080 ## - UNIVERSAL DECIMAL CLASSIFICATION NUMBER
Universal Decimal Classification number 52(082.2)
Item number SRC-3
245 #0 - TITLE STATEMENT
Title Proceedings of the southwest regional conference for astronomy and astrophysics held at Austin, Texas, May 23 1977; vol.
Statement of responsibility, etc. edited by Preston F Gott and Paul S Rihard
260 ## - PUBLICATION, DISTRIBUTION, ETC.
Place of publication, distribution, etc. Texas
Name of publisher, distributor, etc. Texas Tech University
Date of publication, distribution, etc. 1977
300 ## - PHYSICAL DESCRIPTION
Extent 196p.
650 ## - SUBJECT ADDED ENTRY--TOPICAL TERM
Topical term or geographic name entry element Astronomy
9 (RLIN) 80
650 ## - SUBJECT ADDED ENTRY--TOPICAL TERM
Topical term or geographic name entry element Astronomy and astrophysics thesaurus
650 ## - SUBJECT ADDED ENTRY--TOPICAL TERM
Topical term or geographic name entry element Astrophysics
9 (RLIN) 794
700 ## - ADDED ENTRY--PERSONAL NAME
Personal name Gott, Preston F., ed.
9 (RLIN) 14838
700 ## - ADDED ENTRY--PERSONAL NAME
Personal name Rihard, Paul S., ed. 
9 (RLIN) 14839
942 ## - ADDED ENTRY ELEMENTS (KOHA)
Koha item type Books
Holdings
Withdrawn status Lost status Damaged status Not for loan Home library Current library Shelving location Date acquired Total Checkouts Full call number Barcode Date last seen Price effective from Koha item type
        IIA Library-Bangalore IIA Library-Bangalore General Stacks 29/09/1986   52(082.2)/ SRC-3 9697 05/11/2021 29/09/1986 Books

Powered by Koha